=LDR 00000nam 2200000 4500 =001 INLIS000000000028477 =005 20130612130800 =008 ***********************************Ind** =035 ##$$0010-061300000028477 =041 ##$$a Ind =082 ##$$a 004.07 =090 ##$$a 004.07, Ala p =100 ##$$a ALAMSYAH, M.K =245 ##$$a Pelajaran komputer 1 untuk SMK Tingkat 1, Caturwulan 1,2,3 ..., M.K. Alamsyah =260 ##$$a 1994 $b Bandung =300 ##$$a 165 hlm., ilus., 30 cm =650 ##$$a Komputer - Studi dan Pengajaran =850 ##$$a NBPNMAT